Datum a čas kvízu
36
Celkem bodů
Celkový počet nahraných bodů na tomto kvízu bez doplňovacích otázek.
4.
Pořadí na kvízu
Konečné umístění týmu na tomto kvízu.
Zaznamenané odpovědi
| # | Otázka | Odpověď | Body | Výsledky |
|---|---|---|---|---|
| 1. | V Jiráskově divadle v České Lí... | selata (divočáci) | 1 | |
| 2. | Naštěstí jen nepatrné škody na... | chtěla flirtovat s hasiči / líbí se jí muži v uniformách | 1 | |
| 3. | Která kapela minulý týden ozná... | Linkin Park | 1 | |
| 4. | Minulý týden byla ve Veverskýc... | pomocí SMS | 0 | |
| 5. | Reprezentace jedné evropské ze... | San Marino | 1 | |
| 6. | Který velmi rozlehlý stát byl... | Austrálie | 0 | |
| 7. | Pod kterým, dnes už spíše zast... | Habeš | 1 | |
| 8. | Napište bývalý název Bratislav... | Prešpurk/Prešporok/Prešporek; 1919 (1914–1924) | 1 | |
| 9. | Roku 1868 se město Edo přejmen... | Tokio | 1 | |
| 10. | Zhruba rok po vyhlazení českýc... | o Panamu | 0 |